Homicide case file : (Record no. 108906)
[ view plain ]
| 000 -LEADER | |
|---|---|
| fixed length control field | 00360nam a2200133 a 4500 |
| 005 - DATE AND TIME OF LATEST TRANSACTION | |
| control field | 20140414093834.0 |
| 008 - FIXED-LENGTH DATA ELEMENTS--GENERAL INFORMATION | |
| fixed length control field | 030611s19uu xx 00 eng d |
| 050 ## - LIBRARY OF CONGRESS CALL NUMBER | |
| Classification number | CD 360 |
| Item number | OR #1 |
| 245 ## - TITLE STATEMENT | |
| Title | Homicide case file : |
| Remainder of title | the body in the bay. |
| 500 ## - GENERAL NOTE | |
| General note | 2 CD-ROM set. |
| 520 ## - SUMMARY, ETC. | |
| Summary, etc | "A True crime murder mystery game"--Cover. |
| 942 ## - ADDED ENTRY ELEMENTS (KOHA) | |
| Koha item type | Audio Visual Materials |
| Withdrawn status | Lost status | Damaged status | Home library | Current library | Shelving location | Date acquired | Source of acquisition | Total Checkouts | Full call number | Barcode | Date last seen | Price effective from | Koha item type |
|---|---|---|---|---|---|---|---|---|---|---|---|---|---|
| Luxembourg Library | Luxembourg Library | Audio Visual Material Section | 06/11/2003 | CD 360 OR #1 | AV0382 | 04/14/2014 | 04/14/2014 | Audio Visual Materials |